احمد نديم قاسمی کے نما ءندہ افسانے/مرتبہ اسلم جمشيد پوری (Record no. 5903)

MARC details
000 -LEADER
fixed length control field 01034 a2200253 4500
005 - DATE AND TIME OF LATEST TRANSACTION
control field 20081010114330.0
008 - FIXED-LENGTH DATA ELEMENTS--GENERAL INFORMATION
fixed length control field 081010t xxu||||| |||| 00| 0 eng d
010 ## - LCCN (DPL NO)
LC control number UR-7415
020 ## - INTERNATIONAL STANDARD BOOK NUMBER
International Standard Book Number 8180420361
Terms of availability 200.00
035 ## - SYSTEM CONTROL NUMBER
System control number U-5970
037 ## - SOURCE OF ACQUISITION
Source of stock number/acquisition D.B.Act / Pub
082 ## - DEWEY DECIMAL CLASSIFICATION NUMBER
Classification number ک
100 ## - MAIN ENTRY--PERSONAL NAME
Personal name قا سمی احمد نديم
245 ## - TITLE STATEMENT
Title احمد نديم قاسمی کے نما ءندہ افسانے/مرتبہ اسلم جمشيد پوری
Statement of responsibility, etc احمد نديم قاسمی
246 ## - VARYING FORM OF TITLE
Title proper/short title Ahmed Nadeem Qasmi Ke Numainda Afsane
Remainder of title by Ahmed Nadeem Qasmi
260 ## - PUBLICATION, DISTRIBUTION, ETC. (IMPRINT)
Place of publication, distribution, etc نئ دھلی
Name of publisher, distributor, etc موڈرن پبليشنگ ہا ؤس
Date of publication, distribution, etc 2007
270 ## - ADDRESS
Address 9- گولا مارکيٹ ،دريا گنج
City نئ دھلی
Postal code 110002
Telephone number 01123278869
300 ## - PHYSICAL DESCRIPTION
Extent 240ص
Dimensions 22cm (Pbk)
650 ## - SUBJECT ADDED ENTRY--TOPICAL TERM
Topical term or geographic name as entry element Story
650 ## - SUBJECT ADDED ENTRY--TOPICAL TERM
Topical term or geographic name as entry element ک
700 ## - ADDED ENTRY--PERSONAL NAME
Personal name اسلم جمشيد پو ری
942 ## - ADDED ENTRY ELEMENTS (KOHA)
Institution code [OBSOLETE] dpl
Item type Urdu Bks
Call number prefix /
Source of classification or shelving scheme Dewey Decimal Classification
Classification part ک
Call number suffix ق ا س
Holdings
Withdrawn status Lost status Source of classification or shelving scheme Damaged status Not for loan Collection code Home library Current library Date acquired Cost, normal purchase price Total Checkouts Full call number Barcode Date last seen Copy number Cost, replacement price Koha item type
    Dewey Decimal Classification   Not For Loan Non-fiction D.B.Act.Division D.B.Act.Division 10/10/2008 200.00   ک ق ا س U-5970 15/09/2008 1 200.00 Urdu Bks

© Delhi Public Library
Hit Counter
free hit counter